00625nam a22002057a 4500003000500000005001700005008004100022010001000063011001000073035001000083040000900093082001500102100002100117245008900138260004900227300001900276490004800295650002800343830004800371CHAP20220329140151.0971013s1984 r 00010 d a47985 a48957 a53105 cCHAP a597.52bV300aVari, Richard P. aSystematics of the neotropical characiform genus patamorhina (Pisces: characiformes) aWashington :bSmithsonian Institution,c1984 a36 p.b: ilus. aSmithsonian contributions to zoologyv; 40014aPecesxClasificación.0 aSmithsonian contributions to zoologyv; 400